| 000 | 00499nam a22001817a 4500 | ||
|---|---|---|---|
| 005 | 20260303040333.0 | ||
| 008 | 260303b |||||||| |||| 00| 0 eng d | ||
| 020 | _a978-1-64172-230-8 | ||
| 082 | _a551.46 C878 2023 | ||
| 100 |
_aCox, Wyatt _9329 |
||
| 245 |
_aOceanography / _cWyatt Cox |
||
| 260 |
_aNew York: _bLarsen and Keller, _cc2023 |
||
| 300 |
_aviii, 250p.: _bill. (some col.) |
||
| 490 | _aTextbook series | ||
| 504 | _aIncludes index | ||
| 541 | _e7944 c.1 | ||
| 650 |
_aOceanography _9330 |
||
| 999 |
_c2538 _d2538 |
||